Centenary of the Methodist Church in Southern Asia (Record no. 3905)

MARC details
000 -LEADER
fixed length control field 00618nam a2200241 a 4500
020 ## - INTERNATIONAL STANDARD BOOK NUMBER
ISBN
082 00 - DEWEY DECIMAL CLASSIFICATION NUMBER
Classification number 275.4
Author Cutter HOL
100 ## - MAIN ENTRY--AUTHOR NAME
Author name Hollister, John N
245 ## - TITLE STATEMENT
Title Centenary of the Methodist Church in Southern Asia
260 ## - PUBLICATION, DISTRIBUTION, ETC. (IMPRINT)
Place of publication Lucknow
Name of publisher Lucknow Publishing House
Year of publication 1956
300 ## - PHYSICAL DESCRIPTION
Number of Pages 414p
500 ## - GENERAL NOTE
General note includes index and biblioraphy
505 2# - FORMATTED CONTENTS NOTE
Formatted contents note Bibliography, Index
650 ## - SUBJECT ADDED ENTRY--TOPICAL TERM
Topical Term Church-India
942 ## - ADDED ENTRY ELEMENTS (KOHA)
Koha item type Books
700 1# -
-- Hollister, John N
Holdings
Collection code Home library Current library Date acquired Cost, normal purchase price Full call number Accession Number Koha item type
  Henry Martyn Institute Library Henry Martyn Institute Library 07/18/2007 100.00 275.4 HOL 08844 Books
                   Copyright © 2026 | Henry Martyn Institute | Hyderabad | TS-500052 | INDIA | Implemented by hmi.edu.in
Hit-Count:

Powered by Koha